| 000 | 00802nam a2200205 a 4500 | ||
|---|---|---|---|
| 001 | BRCA_1298 | ||
| 005 | 20190320203350.0 | ||
| 008 | 230508s2003----mx-a---###---#000-0#spa-# | ||
| 020 | _a9685884005 | ||
| 050 | 4 |
_aF1226.M4 _b.M57 2003 |
|
| 245 | 1 | 0 |
_aUna mirada al pasado _busos y costumbres de la época virreinal en la Ciudad de México. |
| 260 |
_aMéxico _bSantander Serfin _c2003 |
||
| 300 |
_a218 p. _bil. a color _c30 cm. |
||
| 500 | _aIncluye piezas de la colección Franz Mayer: portada, p. 6-7, 37, 49, 59, 124-125, 130-131, 158-159, 160-161, 166 | ||
| 504 | _aBibliografía: [p. 220-223] | ||
| 650 | 1 | 4 |
_aVida cotidiana _yColonia, 1540-1810 _zCiudad de México _94247 |
| 650 | 1 | 4 |
_aVida cotidiana _xEn las artes decorativas coloniales _94248 |
| 650 | 1 | 4 |
_aArte novohispano _94249 |
| 942 |
_2lcc _cB |
||
| 999 |
_c1164 _d1164 |
||